| 000 | 00499nam a22001931a 4500 | ||
|---|---|---|---|
| 001 | 2625 | ||
| 003 | OSt | ||
| 005 | 20260204211819.0 | ||
| 008 | 040315s2000||||sp ||||||b||||||||||spa|| | ||
| 020 | _a8480553227 | ||
| 050 | _aR 610.03 D547m | ||
| 082 | _aR610 D547m | ||
| 245 | _aDiccionario de medicina / Coord. Fernando Caballero Matínez | ||
| 264 | _aEspaña : Cultural | ||
| 300 | _a329 p. | ||
| 650 | _a1.Medicina - Diccionario | ||
| 700 | _aCaballo Martínez, FernandoÌ | ||
| 942 |
_2ddc _cBK |
||
| 999 |
_c2625 _d2625 |
||